00336nam a2200145Ia 4500008004100000084001100041100002100052245002300073250002000096260000900116260000900125260001100134300001000145500003500155180424s9999 xx 000 0 und d aT7 S49 a"Selvakumari, J" 0aPenniyam Pesukiren a\\200500TAMGPCX aNCBH b2005 cMadras a110p. aincludes index and biblioraphy